000 00250 a2200109 4500
001 50881
040 _cAnchieta - Pituba
240 1 0 _aAula da paixão 2008
_l
245 1 0 _aAula da paixão 2008
650 4 _aLínguas espanhola e portuguesa
942 _cMX
999 _c50881
_d50881